Sage v SoS Environment and another (Record no. 70365)
[ view plain ]
| 000 -LEADER | |
|---|---|
| fixed length control field | 00982cam a2200217 4500 |
| 001 - CONTROL NUMBER | |
| control field | X1181567 |
| 008 - FIXED-LENGTH DATA ELEMENTS--GENERAL INFORMATION | |
| fixed length control field | 020527n2002 000 0 eng u |
| 035 ## - SYSTEM CONTROL NUMBER | |
| System control number | (Sirsi) u118157 |
| 245 ## - TITLE STATEMENT | |
| Title | Sage v SoS Environment and another |
| 260 ## - PUBLICATION, DISTRIBUTION, ETC. | |
| Date of publication, distribution, etc. | 2002 |
| 490 ## - SERIES STATEMENT | |
| Series statement | Property, Planning and Compensation Reports |
| Volume/sequential designation | [2002] 1 P&CR 493-500(8) |
| 490 ## - SERIES STATEMENT | |
| Series statement | Journal of Planning and Environment Law |
| Volume/sequential designation | [2002] JPL 352-359(8) |
| 520 ## - SUMMARY, ETC. | |
| Summary, etc. | [2001] EWCA Civ 100. Time limits for enforcement under Town and Country Planning Act 1990 s171B. Dwelling house. Substantial completion of operations. Whether the operations to be considered were those which constituted a breach of planning control [Taken from journal headnote]. |
| 650 ## - SUBJECT ADDED ENTRY--TOPICAL TERM | |
| Topical term or geographic name entry element | ENFORCEMENT NOTICES |
| 650 ## - SUBJECT ADDED ENTRY--TOPICAL TERM | |
| Topical term or geographic name entry element | TOWN AND COUNTRY PLANNING ACT 1990 S171(B) |
| 650 ## - SUBJECT ADDED ENTRY--TOPICAL TERM | |
| Topical term or geographic name entry element | DOE CIRCULAR 10/1997 |
| 650 ## - SUBJECT ADDED ENTRY--TOPICAL TERM | |
| Topical term or geographic name entry element | SUBSTANTIALLY COMPLETED |
| 650 ## - SUBJECT ADDED ENTRY--TOPICAL TERM | |
| Topical term or geographic name entry element | SAGE V SOS ENVIRONMENT AND OTHERS |
| 690 ## - LOCAL SUBJECT ADDED ENTRY--TOPICAL TERM (OCLC, RLIN) | |
| Topical term or geographic name as entry element | Planning and development |
| 9 (RLIN) | 6259 |
| 942 ## - ADDED ENTRY ELEMENTS (KOHA) | |
| Suppress in OPAC | 0 |
| Withdrawn status | Lost status | Source of classification or shelving scheme | Damaged status | Not for loan | Home library | Current library | Shelving location | Date acquired | Total Checkouts | Full call number | Barcode | Date last seen | Copy number | Price effective from | Koha item type |
|---|---|---|---|---|---|---|---|---|---|---|---|---|---|---|---|
| Dewey Decimal Classification | London | London | Journal article | 27/05/2002 | X118157 | 118157-1001 | 06/08/2019 | 1 | 06/08/2019 | Law report |